| 000 | 00612nam a2200217Ia 4500 | ||
|---|---|---|---|
| 005 | 20250326144111.0 | ||
| 008 | 250326s9999 xx 000 0 und d | ||
| 020 | _a1-4039-3493-2 | ||
| 037 | _aTextbook | ||
| 040 |
_aFMSL _beng _cFMSL |
||
| 041 |
_aeng _2eng |
||
| 084 |
_aX:97D P6 _qFMSL |
||
| 100 |
_aGabrisch H _9749032 |
||
| 245 | 0 |
_aSuccesses and failures of eocnomic transition _cGabrisch H; Holscher J |
|
| 260 |
_aNY _bNY, Pagrave macmillan _c2006 |
||
| 300 | _aXIV,186 | ||
| 365 | _b335822.27799999999 | ||
| 650 | _aEconomics | ||
| 942 |
_cTB _hX:97D P6 |
||
| 999 |
_c1302362 _d1302362 |
||